[Event "Mistrzostwa Polski Mlodzikow do 10 lat  - chlopcy"]
[Site "Chrusty k. Zagnanska"]
[Date "1899-12-30"]
[Round "2.2"]
[White "Krawczyk, Flawian"]
[Black "Skowron, Dawid"]
[Result "1/2-1/2"]
[WhiteTitle "II"]
[BlackTitle "II"]
[WhiteElo "1580"]
[BlackElo "1205"]

1. d4 d5 2. Nf3 Nf6 3. Bf4 Bf5 4. e3 a6 5. Nbd2 e6 6. h3 Nc6 7. c3 h6 8. Be2 Be7
9. Ne5 Nxe5 10. dxe5 Nd7 11. Nf3 Nc5 12. Nd4 Bh7 13. O-O Bg5 14. Bh2 Ne4 15. Bd3
O-O 16. Bxe4 Bxe4 17. Nb3 b6 18. f4 Be7 19. Nd4 Qd7 20. Ne2 Rfd8 21. Ng3 Bg6 22.
Qe2 c5 23. Rad1 Qc6 24. c4 dxc4 25. Rxd8+ Rxd8 26. e4 Bh4 27. f5 Bxg3 28. Bxg3
exf5 29. exf5 Bh7 30. e6 fxe6 31. Qxc4 Rd2 32. Qxe6+ Qxe6 33. fxe6 Re2 34. Re1
Rxe1+ 35. Bxe1 Kf8 36. Bc3 Bf5 37. e7+ Kxe7 38. Bxg7 h5 39. Kf2 Kf7 40. Bc3 Kg6
41. Kf3 b5 42. a3 Bd7 43. Kf4 Bc6 44. g3 Bg2 45. h4 Bc6 46. Ke5 c4 47. Kd6 Be8
48. Kc7 Kf5 49. Kb6 Kg4 50. Be5 Kf5 51. Bf4 Kg4 52. Kxa6 Kf5 53. Kb6 Kg4 54. Kc5
Kf5 55. Kd6 Kf6 56. Bg5+ Kf5 57. Ke7 Bc6 58. Kf7 Kg4 59. Bf4 Kf5 60. Kg7 Bd7 61.
Kf7 Be6+ 62. Ke7 Bd5 63. Bb8 Be6 64. Kd6 Bf7 65. Kd7 Kf6 66. Bf4 Bg6 67. Bd2 Bf7
68. Bc3+ Kf5 69. Ke7 Bg6 70. Bg7 Kg4 71. Be5 Kf5 72. Bb8 Bh7 73. Bc7 Bg6 74. Bf4
Bh7 75. Kd6 Bg6 76. Kd7 Bf7 77. Kd6 Bg6 78. Kc5 Be8 79. Kb4 Ke6 80. Kc5 Kf5 81.
a4 bxa4 82. Kxc4 Bf7+ 83. Kd4 Bb3 84. Bb8 Be6 85. Kc5 Ke4 86. Kd6 Bb3 87. Ke7
Kf5 88. Bf4 Bc4 89. Kf8 Kf6 90. Bg5+ Kg6 91. Ke7 Be2 92. Ke6 Bg4+ 93. Ke5 Bd1
94. Kf4 Bg4 95. Ke4 Bd1 96. Kd5 Bf3+ 97. Kd4 Bd1 98. Bd8 Kf5 99. Bc7 Bc2 100.
Kc3 Bb3 101. Bd6 Ke6 102. Bc7 Kf5 103. Kd4 Bd1 104. Kd5 Kg4 105. Ke6 Bb3+ 106.
Kf6 Bc2 107. Bd6 Bd3 108. Ke5 Bc2 109. Kd4 Bd1 110. Kc3 Bb3 111. Kd4 Bc2 112.
Kd5 Bb3+ 113. Kc6 Bd1 114. Kd7 Bb3 115. Ke7 Kf5 116. Kf8 Kf6 117. Bf4 Bd1 118.
Bg5+ Kf5 119. Kg7 Be2 120. Kh6 Bd1 121. Bd2 Be2 122. Kg7 Bc4 123. Be1 Bb3 124.
Kf8 Kf6 125. Bc3+ Kf5 126. Ke7 Kg4 127. Be5 Kf5 128. Kd6 Bd1 129. Bf4 Kf6 130.
Kc5 Ke6 131. Kc4 Kf5 132. Kd3 Bb3 133. Bb8 Ke5 134. Ke4+ 1/2-1/2

[Event "Mistrzostwa Polski Mlodzikow do 10 lat  - chlopcy"]
[Site "Chrusty k. Zagnanska"]
[Date "1899-12-30"]
[Round "2.3"]
[White "Rozek, Michal"]
[Black "Borowik, Wojciech"]
[Result "1/2-1/2"]
[WhiteTitle "II"]
[BlackTitle "II+"]
[WhiteElo "1196"]
[BlackElo "1527"]

1. c4 e5 2. Nc3 Nf6 3. g3 Nc6 4. Bg2 Bb4 5. Nf3 Bxc3 6. bxc3 O-O 7. O-O d6 8. d3
Ne7 9. Qb3 Ng6 10. Ba3 h5 11. c5 h4 12. cxd6 cxd6 13. Qb4 Nd5 14. Qxd6 Nxc3 15.
Rfe1 hxg3 16. hxg3 Nb5 17. Qxd8 Rxd8 18. Bb2 f6 19. Red1 Bg4 20. Kf1 Rac8 21.
Rac1 Be6 22. a3 Bb3 23. Rxc8 Rxc8 24. Rc1 Rxc1+ 25. Bxc1 b6 26. Bb2 Ne7 27. d4
exd4 28. Nxd4 Nxd4 29. Bxd4 Nf5 30. e3 Nxd4 31. exd4 Kf7 32. Ke2 Ke6 33. Ke3 Bd5
34. Bh3+ Kd6 35. Kd3 Bb7 36. Kc3 Bc6 37. Kc4 a5 38. Bc8 b5+ 39. Kc3 Bd7 40. Bb7
Bc6 41. Bc8 Kd5 42. Bf5 Kd6 43. Bg6 Bd7 44. Be4 f5 45. Bg2 Bc6 46. Bh3 g6 47.
Bf1 Ke6 48. Bh3 Kf6 49. Bf1 Ke6 50. Bh3 g5 51. Bf1 g4 52. Be2 Kd6 53. Bd3 Bd7
54. Be2 Ke6 55. Bd3 Kf6 56. Be2 Ke6 57. Bd3 Kd6 58. Bf1 Kc6 59. Bg2+ Kb6 60. Bf1
Bc6 61. Bd3 Be4 62. Bf1 Kc6 63. Be2 Kb6 64. Bf1 Bc6 65. Bd3 Bd7 66. Bf1 Kc6 67.
Bg2+ Kd6 68. Bf1 Ke6 69. Bd3 Kd5 70. Bf1 Ke6 71. Bd3 Kf6 72. Bf1 f4 73. Bd3 Be8
74. Be2 Bd7 75. Bd3 fxg3 76. fxg3 Ke6 77. Bf1 Kd6 78. Bg2 Bc6 79. Bf1 Bd7 80.
Bg2 Be6 81. Bf1 Kc6 82. Bg2+ Kb6 83. Bf1 Bf7 84. Be2 Be6 85. Bf1 Kc6 86. Bg2+
Kd6 87. Bf1 Bd7 88. Bg2 Bc6 89. Bf1 Ke6 90. Be2 Kf5 91. Bd3+ Kg5 92. Be2 Kf6 93.
Bd3 1/2-1/2

[Event "Mistrzostwa Polski Mlodzikow do 10 lat  - chlopcy"]
[Site "Chrusty k. Zagnanska"]
[Date "1899-12-30"]
[Round "2.4"]
[White "Adamala, Tomasz"]
[Black "Bartodziej, Bartosz"]
[Result "0-1"]
[WhiteTitle "III"]
[BlackTitle "II"]
[WhiteElo "1196"]
[BlackElo "1468"]

1. e4 c5 2. Nf3 a6 3. d4 cxd4 4. Nxd4 Nf6 5. Nc3 e5 6. Nb3 Bb4 7. Bd3 d5 8. exd5
Nxd5 9. Bd2 Nxc3 10. Bxc3 Bxc3+ 11. bxc3 Qc7 12. Qd2 O-O 13. O-O-O Be6 14. Kb2
a5 15. a4 Na6 16. Rhe1 Nc5 17. Qe2 Nxa4+ 18. Kc1 Nxc3 19. Qxe5 Qxe5 20. Rxe5 Nxd1
21. Kxd1 Bxb3 22. cxb3 Rfd8 23. Kc2 Rac8+ 24. Kd2 b6 25. Rb5 Rd6 26. Re5 Rcd8
27. Re3 h6 0-1

[Event "Mistrzostwa Polski Mlodzikow do 10 lat  - chlopcy"]
[Site "Chrusty k. Zagnanska"]
[Date "1899-12-30"]
[Round "2.5"]
[White "Warchol, Kamil"]
[Black "Grzebieniowski, Michal"]
[Result "0-1"]
[WhiteTitle "CM"]
[BlackTitle "II"]
[WhiteElo "1431"]
[BlackElo "1194"]

1. e4 c6 2. d4 d5 3. e5 Bf5 4. h4 h6 5. g4 Bh7 6. e6 fxe6 7. Bd3 g6 8. Nf3 Nd7
9. Bf4 Qb6 10. Nc3 O-O-O 11. Na4 Qa5+ 12. Nc3 Bg7 13. a3 Rf8 14. b4 Qd8 15. Bg3
Ngf6 16. Be5 Nxe5 17. Nxe5 Nd7 18. Nf3 e5 19. Nxe5 Nxe5 20. dxe5 Bxe5 21. Qd2
Bd4 22. Bf5+ gxf5 23. Qxd4 fxg4 24. Qxg4+ Qd7 25. Qxd7+ Kxd7 26. Rc1 Rf3 27. Nb1
Rhf8 28. Rh2 b5 29. Ke2 e5 30. Ke1 Ke6 31. Ke2 R8f4 32. h5 Kf6 33. Rg2 Rh3 34.
Ke1 Rh1+ 35. Kd2 Rd4+ 36. Kc3 Rxc1 37. f3 Rxb1 38. Rf2 Rc1 39. Rg2 Rxc2+ 40. Rxc2
Rc4+ 41. Kd2 Rxc2+ 42. Kd1 Kg5 43. Ke1 Kf4 44. Kf1 Kxf3 45. Ke1 Bf5 46. Kd1 Ke3
47. a4 bxa4 48. b5 cxb5 49. Ke1 Rc1# 0-1

[Event "Mistrzostwa Polski Mlodzikow do 10 lat  - chlopcy"]
[Site "Chrusty k. Zagnanska"]
[Date "1899-12-30"]
[Round "2.6"]
[White "Skrzypinski, Jan"]
[Black "Wierzbicki, Dawid"]
[Result "0-1"]
[WhiteTitle "II"]
[BlackTitle "I"]
[WhiteElo "1194"]
[BlackElo "1419"]

1. e4 d6 2. d4 Nf6 3. Nc3 c6 4. f4 Qb6 5. Nf3 Bg4 6. Be2 Bxf3 7. Bxf3 e5 8. Ne2
Nbd7 9. O-O Be7 10. Kh1 O-O 11. b3 d5 12. fxe5 dxe4 13. exf6 Nxf6 14. Ng3 exf3
15. Qxf3 Qxd4 16. Nf5 Qxa1 17. Nxe7+ Kh8 18. c3 Qxa2 19. Bh6 Ne8 20. Bc1 Qxb3
21. Qh5 Qe6 22. Ba3 Nf6 23. Qg5 h6 24. Qh4 Rfe8 25. Nf5 Rad8 26. Bb2 Qxf5 27.
Kg1 Qc5+ 28. Kh1 Qb5 29. Qf2 Re2 30. c4 Rxf2 31. Rb1 Qxb2 32. Re1 Qe2 33. Rg1
Rxg2 34. Rxg2 Rd1+ 35. Rg1 Qf3# 0-1

[Event "Mistrzostwa Polski Mlodzikow do 10 lat  - chlopcy"]
[Site "Chrusty k. Zagnanska"]
[Date "1899-12-30"]
[Round "2.7"]
[White "Grot, Blazej"]
[Black "Mulawa, Cyprian"]
[Result "1/2-1/2"]
[WhiteTitle "CM"]
[BlackTitle "II"]
[WhiteElo "1418"]
[BlackElo "1191"]

1. e4 c6 2. d4 d5 3. Nc3 dxe4 4. Nxe4 Bf5 5. Ng3 Bg6 6. Nf3 Nd7 7. h4 h6 8. h5
Bh7 9. Bd3 Bxd3 10. Qxd3 e6 11. Bd2 Ngf6 12. c4 Qc7 13. Ne4 Nxe4 14. Qxe4 Nf6
15. Qe2 O-O-O 16. c5 Nd5 17. Qe5 Qd7 18. Bf4 Nxf4 19. Qxf4 f6 20. O-O-O Qd5 21.
Kb1 Be7 22. Qg4 Rhg8 23. Rhe1 f5 24. Qf4 Bf6 25. Qe3 Rge8 26. Ne5 Bxe5 27. Qxe5
Qxg2 28. Rg1 Qxf2 29. Rxg7 Rd7 30. Rxd7 Kxd7 31. Qg7+ Kc8 32. Qf7 Rd8 33. Qxe6+
Kb8 34. Qe7 Kc8 35. Qe6+ Kb8 36. Qxh6 Qf3 37. Qd2 Qxh5 38. Qf4+ Kc8 39. Rf1 Qg6
40. Qxf5+ Qxf5+ 41. Rxf5 1/2-1/2

[Event "Mistrzostwa Polski Mlodzikow do 10 lat  - chlopcy"]
[Site "Chrusty k. Zagnanska"]
[Date "1899-12-30"]
[Round "2.8"]
[White "Duda, Leon"]
[Black "Jaworski, Tymon"]
[Result "0-1"]
[WhiteTitle "II"]
[BlackTitle "II"]
[WhiteElo "1186"]
[BlackElo "1403"]

1. e4 e5 2. Nf3 Nc6 3. Nc3 Nf6 4. d4 exd4 5. Nxd4 Bb4 6. Nxc6 bxc6 7. Bd3 d5 8.
exd5 cxd5 9. O-O O-O 10. h3 c6 11. Qf3 Be6 12. Bf4 Bd6 13. Rfe1 Rb8 14. Rab1 Qc7
15. Ne2 c5 16. Qg3 Bxf4 17. Qxf4 Qxf4 18. Nxf4 c4 19. Nxe6 fxe6 20. Be2 Kf7 21.
b3 cxb3 22. axb3 Ne4 23. c4 Nc3 24. Rb2 Nxe2+ 25. Rbxe2 dxc4 26. bxc4 Rfe8 27.
Ra2 Re7 28. Rea1 Rbb7 29. f4 Kf6 30. g4 Rec7 31. Ra4 a5 32. Rc1 Rc5 33. Kf2 Rb3
34. h4 g6 35. Rh1 Rc3 36. Re1 R5xc4 37. g5+ Ke7 38. Rxc4 Rxc4 39. Kg3 a4 40. Ra1
Rc3+ 41. Kg4 a3 42. Ra2 Kd6 43. h5 Kc5 44. Re2 Kd6 45. Rd2+ Ke7 46. hxg6 hxg6
47. Rh2 Rc7 48. Kf3 Kd6 49. Rd2+ Kc5 50. Rc2+ Kb6 51. Re2 Rc6 52. Ke4 Kb5 53.
Kd3 Kb4 54. Rc2 Rxc2 55. Kxc2 Kc4 56. Kb1 Kd4 0-1

[Event "Mistrzostwa Polski Mlodzikow do 10 lat  - chlopcy"]
[Site "Chrusty k. Zagnanska"]
[Date "1899-12-30"]
[Round "2.9"]
[White "Musial, Igor"]
[Black "Bartoszczuk, Adam"]
[Result "1-0"]
[WhiteTitle "II+"]
[BlackTitle "II"]
[WhiteElo "1399"]
[BlackElo "1180"]

1. e4 c5 2. Nf3 e6 3. d4 cxd4 4. Nxd4 a6 5. Be2 Qc7 6. O-O Nf6 7. Nc3 Be7 8. Be3
d6 9. Kh1 b5 10. Bf3 Bb7 11. Qd2 Nbd7 12. Bg5 Nc5 13. Bxf6 Bxf6 14. b4 Nd7 15.
Rad1 Nb6 16. Ndxb5 axb5 17. Nxb5 Qd7 18. Nxd6+ Kf8 19. Nxb7 Qxb7 20. e5 1-0

[Event "Mistrzostwa Polski Mlodzikow do 10 lat  - chlopcy"]
[Site "Chrusty k. Zagnanska"]
[Date "1899-12-30"]
[Round "2.10"]
[White "Musin, Pawel"]
[Black "Adamala, Jacek"]
[Result "1-0"]
[WhiteTitle "II"]
[BlackTitle "II"]
[WhiteElo "1151"]
[BlackElo "1310"]

1. e4 e5 2. Nf3 Nc6 3. Bc4 Bc5 4. d3 Nf6 5. Nc3 d6 6. Be3 Bb6 7. Na4 O-O 8. Nxb6
axb6 9. h3 d5 10. exd5 Nxd5 11. O-O h6 12. a3 Be6 13. Ba2 Qf6 14. Nh2 Ra4 15.
c4 Nf4 16. Bxf4 Raa8 17. Be3 e4 18. dxe4 Qxb2 19. Qb3 Qxa3 20. Rfb1 Qxb3 21. Bxb3
Na5 22. f3 Rfd8 23. Bf4 Rac8 24. Ra4 Rd3 25. Ba2 Rc3 26. Bd2 Rc2 27. Bxa5 Ra8
28. Bb3 Re2 29. Kf1 Re3 30. Bxb6 Rxa4 31. Bxe3 Rb4 32. Bc5 Bxc4+ 33. Kf2 Rxb3
34. Rxb3 Bxb3 35. Ng4 b6 36. Ba3 f6 37. Ne3 Kf7 38. Ke2 Ke6 39. Kd3 Ke5 40. Bf8
c5 41. Nc4+ Bxc4+ 42. Kxc4 Kf4 43. Bxg7 Kg3 44. Bxf6 Kxg2 45. e5 Kxh3 46. e6 h5
47. e7 1-0

[Event "Mistrzostwa Polski Mlodzikow do 10 lat  - chlopcy"]
[Site "Chrusty k. Zagnanska"]
[Date "1899-12-30"]
[Round "2.11"]
[White "Murawski, Milosz"]
[Black "Karp, Kacper"]
[Result "0-1"]
[WhiteTitle "II"]
[BlackTitle "II+"]
[WhiteElo "1068"]
[BlackElo "1287"]

1. c4 e5 2. Nc3 Nf6 3. Nf3 Nc6 4. g3 d5 5. cxd5 Nxd5 6. Bg2 Nb6 7. O-O Be6 8. a3
a5 9. d3 a4 10. Nd2 Qd7 11. b3 axb3 12. Nxb3 Be7 13. Ne4 Na4 14. Be3 Nd4 15. Nxd4
exd4 16. Bf4 f5 17. Nd2 Nc3 18. Qe1 Bf6 19. Nb1 g5 20. Bd2 Nd5 21. Bb4 f4 22.
Nd2 Bh3 23. Ne4 Rg8 24. Rc1 Bxg2 25. Kxg2 Be5 26. Nc5 Qg4 27. h3 Qh5 28. g4 f3+
29. exf3 Nf4+ 30. Kg1 Nxh3+ 31. Kg2 Nf4+ 32. Kg1 Ne2+ 33. Qxe2 Qh2# 0-1

[Event "Mistrzostwa Polski Mlodzikow do 10 lat  - chlopcy"]
[Site "Chrusty k. Zagnanska"]
[Date "1899-12-30"]
[Round "2.12"]
[White "Sniadecki, Oskar"]
[Black "Grobelny, Mikolaj"]
[Result "1-0"]
[WhiteTitle "II"]
[BlackTitle "II"]
[WhiteElo "1277"]
[BlackElo "1031"]

1. c4 e5 2. g3 Nf6 3. Bg2 Nc6 4. Nc3 Bb4 5. a3 Bxc3 6. dxc3 O-O 7. Bg5 h6 8. Bxf6
Qxf6 9. Nf3 Qe6 10. Qd5 d6 11. O-O Qxd5 12. cxd5 Ne7 13. c4 c6 14. Rfd1 cxd5 15.
cxd5 f5 16. Rac1 e4 17. Nd4 b6 18. Nc6 Nxc6 19. dxc6 Rd8 20. Bf1 Kf7 21. e3 Ke7
22. Bb5 a6 23. Bc4 Be6 24. c7 Rdc8 25. Bxe6 Kxe6 26. Rc6 Ke7 27. Rdxd6 Rxc7 28.
Rxb6 Rc1+ 29. Kg2 Rb1 30. Re6+ Kf7 31. Rec6 a5 32. Rb7+ Kg8 33. Rg6 1-0

[Event "Mistrzostwa Polski Mlodzikow do 10 lat  - chlopcy"]
[Site "Chrusty k. Zagnanska"]
[Date "1899-12-30"]
[Round "2.16"]
[White "Duda, Szymon"]
[Black "Zieba, Hubert"]
[Result "0-1"]
[WhiteTitle "III"]
[BlackTitle "II"]
[WhiteElo "1085"]
[BlackElo "1331"]

1. e4 c5 2. Nf3 Nc6 3. d3 g6 4. Be3 Nf6 5. Be2 Bg7 6. c3 d6 7. Nbd2 O-O 8. O-O
a6 9. a4 Rb8 10. h3 b5 11. axb5 axb5 12. Qc2 e5 13. Nh2 b4 14. c4 Nd7 15. f4 exf4
16. Rxf4 Bh6 17. Rf3 Bxe3+ 18. Rxe3 Nd4 19. Qd1 Qg5 20. Nhf1 b3 21. Nf3 Nxf3+
22. Bxf3 Ne5 23. Kh1 Nc6 24. Qd2 Nd4 25. Bd1 f5 26. Rg3 Qxd2 27. Nxd2 f4 28. Rg5
Kg7 29. Rd5 Rd8 30. e5 Nf5 31. exd6 Rxd6 32. Rxd6 Nxd6 33. Ra3 Bf5 34. Rxb3 Rxb3
35. Bxb3 Bxd3 36. Kg1 Kf6 37. Kf2 g5 38. Ba2 h5 39. b3 Ke5 40. Nf3+ Kf5 41. Nd2
Ne4+ 42. Nxe4 Kxe4 43. b4 cxb4 44. c5 Bb5 45. Bb3 Kd4 46. Bf7 h4 47. Kf3 Kxc5
48. Kg4 Bf1 49. Kxg5 Bxg2 50. Kxh4 Bd5 51. Bg6 b3 52. Kg4 f3 53. Kg3 Kd4 54. Bb1
Be4 55. Bxe4 Kxe4 56. h4 b2 57. h5 b1=Q 58. h6 Qg1+ 59. Kh4 Kf4 60. h7 Qh1# 0-1

[Event "Mistrzostwa Polski Mlodzikow do 10 lat  - chlopcy"]
[Site "Chrusty k. Zagnanska"]
[Date "1899-12-30"]
[Round "2.17"]
[White "Krol, Jan"]
[Black "Komendecki, Antoni"]
[Result "1-0"]
[WhiteTitle "II"]
[BlackTitle "II"]
[WhiteElo "1310"]
[BlackElo "1123"]

1. e4 c5 2. Nf3 d6 3. d4 cxd4 4. Nxd4 Nf6 5. Nc3 g6 6. Be3 Bg7 7. f3 O-O 8. Bc4
Nc6 9. Qd2 Bd7 10. O-O-O Ne5 11. Be2 Rc8 12. g4 Nc4 13. Bxc4 Rxc4 14. h4 Qa5 15.
Nb3 Qc7 16. Bh6 Rc8 17. Bxg7 Kxg7 18. h5 b5 19. hxg6 fxg6 20. Qh6+ Kg8 21. g5
Nh5 22. Kb1 e6 23. f4 b4 24. f5 exf5 25. Nd5 Qd8 26. Rxh5 Kf7 27. Qxh7+ Ke6 28.
Qxg6+ Ke5 29. Ne3 Rxe4 30. Qxd6# 1-0

[Event "Mistrzostwa Polski Mlodzikow do 10 lat  - chlopcy"]
[Site "Chrusty k. Zagnanska"]
[Date "1899-12-30"]
[Round "2.19"]
[White "Spionkowski, Fabian"]
[Black "Zmarzly, Wiktor"]
[Result "0-1"]
[WhiteTitle "II"]
[BlackTitle "II"]
[WhiteElo "1125"]
[BlackElo "1185"]

1. e4 e5 2. Nf3 Nc6 3. Bc4 Bc5 4. c3 Nf6 5. d4 Bb6 6. dxe5 Ng4 7. Bxf7+ Kxf7 8.
Ng5+ Ke8 9. Qxg4 Nxe5 10. Qh5+ g6 11. Qe2 Qf6 12. f4 Nf7 13. Rf1 Nxg5 14. fxg5
Qe7 15. h4 h5 16. gxh6 Qxh4+ 17. Kd1 d6 18. e5 Bg4 19. Rf3 Bxf3 20. gxf3 Qe7 21.
Qe4 Qe6 22. Qxb7 Rd8 23. Bg5 Rc8 24. exd6 cxd6 25. Qg7 Rg8 26. Qb7 Rc7 27. Qa8+
Kd7 28. Qe4 Qxe4 29. fxe4 Rc5 30. Bf6 Rh5 31. Bg7 Be3 32. Kc2 Bxh6 33. Bxh6 Rxh6
34. Nd2 g5 35. Rg1 g4 36. Nf3 Rf6 37. Nd2 g3 38. e5 dxe5 39. Ne4 Rf3 40. Kd1 g2
41. Nd2 Rh3 42. Ke2 Rh1 43. Kf2 Rxg1 44. Kxg1 Ke6 45. Nf3 Kf5 46. Nh4+ Kg4 47.
Nxg2 Kf3 48. c4 Rxg2+ 49. Kf1 Rxb2 50. Ke1 Rc2 51. Kd1 Rxc4 52. Kd2 Ra4 53. Kc3
Rxa2 54. Kb4 Rc2 55. Kb3 Rc6 56. Kb4 Ke4 57. Ka5 Kd5 58. Kb5 Rb6+ 59. Ka5 Kc4
60. Ka4 Ra6# 0-1

[Event "Mistrzostwa Polski Mlodzikow do 10 lat  - chlopcy"]
[Site "Chrusty k. Zagnanska"]
[Date "1899-12-30"]
[Round "2.20"]
[White "Wielgus, Wojciech"]
[Black "Chomicki, Kornel"]
[Result "1-0"]
[WhiteTitle "I"]
[BlackTitle "III"]
[WhiteElo "1517"]
[BlackElo "1093"]

1. e4 e5 2. Nf3 Nc6 3. Bb5 a6 4. Ba4 Nf6 5. O-O b5 6. Bb3 d6 7. c3 Be7 8. d3 O-O
9. Re1 Re8 10. Nbd2 Bf8 11. Nf1 g6 12. Ng3 Bg7 13. h3 h6 14. Be3 Re7 15. Qd2 Kh7
16. Rad1 Be6 17. Bxe6 Rxe6 18. d4 Re8 19. Qd3 Qd7 20. dxe5 Nxe5 21. Nxe5 Rxe5
22. Bf4 Re6 23. Qf3 Rd8 24. e5 Ne8 25. exd6 Rxe1+ 26. Rxe1 Nxd6 27. Bxd6 cxd6
28. Qd5 Be5 29. Ne4 f5 30. Nd2 Bf6 31. a3 Kg7 32. Nb3 Qf7 33. Qxf7+ Kxf7 34. Rd1
Be7 35. Nd4 d5 36. Kf1 Bf6 37. Nb3 Be7 38. Ke2 Kf6 39. Kf3 g5 40. g3 h5 41. Ke2
Kf7 42. Nd4 Kf6 43. Kf1 g4 44. h4 Bc5 45. Nb3 Be7 46. Na5 Rd6 47. Nb3 Rd8 48.
Nd4 Rd6 49. Ne2 Kg7 50. Nf4 Kh6 51. Nxd5 Bd8 52. Ke2 Kg7 53. Kf1 Kh6 54. Ke1 Kg7
55. Ke2 Kh6 56. Ne3 Rxd1 57. Kxd1 Kg6 58. Ng2 Bc7 59. Nf4+ Bxf4 60. gxf4 Kf6 61.
Ke2 Ke6 62. Kd3 Kd5 63. b3 Kc5 64. c4 bxc4+ 65. bxc4 a5 66. Kc3 a4 67. Kd3 Kc6
68. Kd4 Kd6 69. c5+ Kc6 70. Kc4 g3 71. fxg3 Kc7 72. Kb5 Kb7 73. Kxa4 Kc6 74. Kb4
Kc7 75. Kb5 Kb7 76. a4 Kc7 77. c6 Kc8 78. Kb6 Kb8 79. c7+ Kc8 80. a5 Kd7 81. Kb7
Ke7 82. c8=Q Kf7 83. Qc6 Kg7 84. a6 Kh7 85. a7 Kg7 86. a8=Q Kh7 87. Qae8 Kg7 88.
Qcg6# 1-0

[Event "Mistrzostwa Polski Mlodzikow do 10 lat  - chlopcy"]
[Site "Chrusty k. Zagnanska"]
[Date "1899-12-30"]
[Round "2.21"]
[White "Raczek, Krzysztof"]
[Black "Wolak, Maciej"]
[Result "1/2-1/2"]
[WhiteTitle "II"]
[BlackTitle "II"]
[WhiteElo "1290"]
[BlackElo "1101"]

1. e4 c5 2. Nf3 d6 3. d4 cxd4 4. Nxd4 Nf6 5. Nc3 g6 6. Be3 Bg7 7. f3 O-O 8. Qd2
Nc6 9. O-O-O d5 10. Qe1 Be6 11. Nxe6 fxe6 12. Bc4 Na5 13. Bb3 Nxb3+ 14. cxb3 Rc8
15. Kb1 Qc7 16. Qd2 Rfd8 17. Qc1 Qa5 18. e5 Nd7 19. f4 Nc5 20. Qd2 Qc7 21. Rc1
Qd7 22. Rhd1 b6 23. g4 a5 24. h4 a4 25. b4 Na6 26. Bxb6 Rf8 27. a3 Rb8 28. Be3
Nc7 29. Ba7 Rb7 30. Bc5 Rd8 31. Qc2 Nb5 32. Nxa4 d4 33. Nb6 Qc6 34. a4 Na7 35.
a5 Nb5 36. a6 Rxb6 37. Bxb6 Qxb6 38. Qc6 Rb8 39. Qxb6 Rxb6 40. a7 Nxa7 41. Rc7
Nc6 42. b5 Na5 43. Rxe7 Bf8 44. Ra7 Rxb5 45. Rxd4 Nc6 46. Rad7 Nxd4 47. Rxd4 Ba3
48. Rd2 Bc5 49. Rd1 Rb4 50. Rf1 Be3 51. f5 exf5 52. gxf5 gxf5 53. Rxf5 Rxh4 54.
Rf1 Re4 55. Re1 Rxe5 56. Kc2 Bf4 57. Rxe5 Bxe5 58. b4 h5 59. Kd1 h4 60. Ke2 h3
61. Kf1 h2 62. Kg2 Kf7 63. b5 Ke6 64. b6 Kf5 65. Kh1 Kg4 66. b7 Kh4 67. Kg2 1/2-1/2

[Event "Mistrzostwa Polski Mlodzikow do 10 lat  - chlopcy"]
[Site "Chrusty k. Zagnanska"]
[Date "1899-12-30"]
[Round "2.22"]
[White "Pawicki, Filip"]
[Black "Ratajczak, Marcin"]
[Result "0-1"]
[WhiteTitle "II"]
[BlackTitle "III"]
[WhiteElo "1219"]
[BlackElo "1062"]

1. e4 c5 2. Nc3 e6 3. g3 d5 4. Bg2 Nf6 5. d3 Nc6 6. f4 d4 7. Nce2 e5 8. Nf3 exf4
9. Bxf4 Nh5 10. Bd2 Bg4 11. O-O Bxf3 12. Bxf3 Nf6 13. e5 Nxe5 14. Bxb7 Rb8 15.
Bg2 Bd6 16. b3 O-O 17. Bg5 Neg4 18. Rf3 h6 19. Bd2 Re8 20. h3 Ne5 21. Rf1 Qc7
22. Bxh6 Ng6 23. Bf4 Nxf4 24. Nxf4 Bxf4 25. Rxf4 Qe5 26. Qf3 Qe3+ 27. Qf2 Qxf2+
28. Rxf2 Nh5 29. Rd1 Nxg3 30. Kh2 Nh5 31. Rf5 g6 32. Rf2 Re7 33. Rg1 Ng7 34. Bd5
Rb6 35. Rfg2 Kf8 36. Rf2 Ne6 37. Rxg6 Nc7 38. Rxb6 axb6 39. Bf3 Nb5 40. Re2 Rxe2+
41. Bxe2 Nc3 42. Bf3 Nxa2 43. h4 Nb4 44. Bd1 Kg7 45. Kg3 Nd5 46. Kg4 Ne3+ 47.
Kg5 Nxd1 48. h5 f6+ 49. Kf5 Ne3+ 50. Kf4 Nxc2 51. Kf5 Nb4 52. Ke6 Nxd3 53. Kf5
Nc1 54. b4 cxb4 55. Kg4 d3 56. Kf3 d2 57. Kf2 d1=Q 58. Ke3 Qd3+ 59. Kf2 Qe2+ 60.
Kg1 Nd3 61. Kh1 Nf4 62. Kg1 Qg2# 0-1

[Event "Mistrzostwa Polski Mlodzikow do 10 lat  - chlopcy"]
[Site "Chrusty k. Zagnanska"]
[Date "1899-12-30"]
[Round "2.23"]
[White "Zmuda, Tomasz"]
[Black "Olszewski, Antoni"]
[Result "0-1"]
[WhiteTitle "II"]
[BlackTitle "II"]
[WhiteElo "1191"]
[BlackElo "1061"]

1. e4 e5 2. Nf3 Nc6 3. d4 exd4 4. Bc4 Nf6 5. e5 d5 6. Bb5 Ne4 7. Nxd4 Bd7 8. Bxc6
bxc6 9. O-O Bc5 10. Re1 O-O 11. c4 Bxd4 12. Qxd4 Be6 13. f3 Nc3 14. Nxc3 h6 15.
Bg5 Qxg5 16. Qc5 d4 17. Qxd4 Rfd8 18. Qc5 Rd2 19. Ne2 Bh3 20. g3 Rad8 21. f4 Qg4
22. Qe3 R8d3 23. Qe4 Rf3 24. Rad1 Rxd1 25. Rxd1 g6 26. Rd8+ Kg7 27. e6 Rf1# 0-1

[Event "Mistrzostwa Polski Mlodzikow do 10 lat  - chlopcy"]
[Site "Chrusty k. Zagnanska"]
[Date "1899-12-30"]
[Round "2.24"]
[White "Fil, Grzegorz"]
[Black "Bochniak, Franciszek"]
[Result "1-0"]
[WhiteTitle "II"]
[BlackTitle "III"]
[WhiteElo "1184"]
[BlackElo "1059"]

1. e4 e5 2. Nf3 Nc6 3. d4 exd4 4. Bc4 h6 5. O-O Be7 6. Nxd4 d6 7. Nc3 Nf6 8. Be3
Nxe4 9. Nxe4 d5 10. Bxd5 Qxd5 11. Nc3 Qd8 12. Nxc6 bxc6 13. Qf3 Bb7 14. Rad1 Bd6
15. Qe4+ Qe7 16. Qxe7+ Bxe7 17. Rfe1 O-O 18. Bf4 Bd8 19. Bxc7 Bxc7 20. Re7 Bxh2+
21. Kxh2 Rab8 22. b3 Rfe8 23. Rde1 Rxe7 24. Rxe7 Kf8 25. Rc7 a5 26. Na4 Ba6 27.
Rxc6 Bb5 28. Rc5 Bxa4 29. bxa4 Rb2 30. Rc4 Rxa2 31. Kg3 Ke7 32. Kf3 Ke6 33. Ke4
Ra1 34. g4 Rg1 35. Ke3 Rd1 36. Ke2 Rd5 37. c3 Re5+ 38. Kd3 Rd5+ 39. Rd4 Rxd4+
40. Kxd4 Kd6 41. f4 f5 42. gxf5 h5 43. Ke4 h4 44. Kf3 h3 45. Kg3 h2 46. Kxh2 Kc5
47. Kg3 Kc4 48. Kg4 Kb3 49. c4 Kxc4 50. Kg5 Kb4 51. Kg6 Kxa4 52. Kxg7 Kb3 53.
f6 a4 54. f7 a3 55. f8=Q a2 56. Qa8 Kb2 57. Qxa2+ Kxa2 58. f5 Kb1 59. f6 Kc2 60.
f7 Kd3 61. f8=Q Kc2 62. Qf3 Kc1 63. Qe2 Kb1 64. Kf6 Ka1 65. Ke5 Kb1 66. Kd4 Ka1
67. Kc3 Kb1 68. Qb2# 1-0

[Event "Mistrzostwa Polski Mlodzikow do 10 lat  - chlopcy"]
[Site "Chrusty k. Zagnanska"]
[Date "1899-12-30"]
[Round "2.25"]
[White "Przewlocki, Marcin"]
[Black "Pawlowski, Kamil"]
[Result "1/2-1/2"]
[WhiteTitle "II"]
[BlackTitle "II"]
[WhiteElo "1173"]
[BlackElo "1054"]

1. e4 e5 2. Nf3 Nc6 3. d4 exd4 4. Nxd4 Bc5 5. Be3 Qf6 6. c3 Nge7 7. g3 d5 8. Bg2
dxe4 9. Nb5 Bd6 10. O-O Qe5 11. Nxd6+ cxd6 12. Bf4 Qb5 13. Nd2 Qxb2 14. Nxe4 O-O
15. Qxd6 Rd8 16. Qc5 b6 17. Qe3 Nd5 18. Qc1 Qxc1 19. Bxc1 Bb7 20. c4 Nc7 21. Be3
Ba6 22. Nf6+ gxf6 23. Bxc6 Rab8 24. Bf4 Rd4 25. Bb5 Rc8 26. Bxc7 Bxb5 27. cxb5
Rxc7 28. Rfd1 Rcd7 29. Rxd4 Rxd4 30. a4 Rb4 31. Kg2 1/2-1/2

[Event "Mistrzostwa Polski Mlodzikow do 10 lat  - chlopcy"]
[Site "Chrusty k. Zagnanska"]
[Date "1899-12-30"]
[Round "2.26"]
[White "Szreter, Marek"]
[Black "Goral, Antoni"]
[Result "1-0"]
[WhiteTitle "II"]
[BlackTitle "III"]
[WhiteElo "1172"]
[BlackElo "1047"]

1. e4 c5 2. Nf3 e6 3. c3 Nc6 4. d4 d5 5. exd5 exd5 6. Be3 Qb6 7. Qc2 Nf6 8. dxc5
Bxc5 9. Bxc5 Qxc5 10. Be2 O-O 11. O-O Nb4 12. Qd1 Nc6 13. Nbd2 Ne4 14. Rc1 Bf5
15. c4 d4 16. Nb3 Qb6 17. Nfxd4 Rfd8 18. Nxf5 Rxd1 19. Rcxd1 Rd8 20. Rxd8+ Nxd8
21. Bd3 Nc5 22. Nxc5 Qxc5 23. h3 g6 24. Ng3 Qd4 25. Rd1 Qxb2 26. Bxg6 fxg6 27.
Rxd8+ Kg7 28. a4 Qc1+ 29. Kh2 Qxc4 30. Rd7+ Kh6 31. Rxb7 Qxa4 32. f3 a5 33. Ra7
Qb4 34. Ra6 Kg5 35. Ne4+ Kf4 36. Nf6 Qb5 37. Rb6 Qc4 38. h4 a4 39. Rb4 Qxb4 40.
Nd5+ Ke5 41. Nxb4 a3 42. g4 Kd6 43. f4 Kc5 44. Na2 Kc4 45. f5 gxf5 46. gxf5 Kd5
47. Kg3 Ke5 48. Kg4 Kf6 49. Nb4 Kg7 50. h5 h6 51. Kf4 Kf6 52. Ke4 Kf7 53. Ke5
Ke7 54. f6+ Kf7 55. Kf5 Kf8 56. Ke6 Ke8 57. f7+ Kf8 58. Na2 Kg7 59. Ke7 Kh7 60.
Nb4 a2 61. Nxa2 Kh8 62. f8=Q+ Kh7 63. Qf6 Kg8 64. Ke6 Kh7 65. Kf5 Kg8 66. Qxh6
Kf7 67. Qd6 Kg7 68. Qe6 Kf8 69. Qd7 Kg8 70. Kg6 1-0